000 00653nam a2200193Ia 4500
003 LK-CoDNM
005 20241128115642.0
008 010623t xxu||||| |||| 00| 1 sin d
040 _aLK-CoDNM
_dLK-CoDNM
_eLK-CoDNM
041 _asin
080 _a294.32
_bGNA
100 _aඅතුරුගිරියේ ශ්‍රී ඥානවිමල හිමි
245 _aමරණයෙන් සියල්ල අවසන් වේද?
246 _aMaranayen Siyalla Avasan Weda.
260 _bබෞද්ධ ග්‍රන්ථ ප්‍රකාශන සමිතිය
300 _b40p. ; 16 cm
650 _aBuddhism
942 _cBK
999 _c140187
_d140187